|
|
|
|
| LEADER |
00000cam a2200000 a 4500 |
| 001 |
vtls008370406 |
| 003 |
SK-MaSNL |
| 005 |
20260301140717.0 |
| 008 |
230403s1953 xo f 000 0 slo |
| 015 |
|
|
|a SNBA19451955-002606
|
| 035 |
|
|
|a SK01SNKBKSFS20010062623
|
| 035 |
|
|
|a urn:nbn:sk:snk-am3ieol
|
| 035 |
|
|
|a urn:nbn:sk:snk-am00e75a
|
| 035 |
|
|
|a 60364E0E-7803-4863-9EA6-2B77CF5BD33C
|
| 035 |
|
|
|a SKM000065086
|
| 040 |
|
|
|a SNK
|b slo
|c SNK
|e AACR2
|
| 041 |
1 |
|
|a slo
|h rus
|
| 044 |
|
|
|a xo
|c SK
|
| 080 |
|
|
|a 372
|2 1981
|
| 100 |
1 |
|
|a Fedjajevskaja, V. M.
|4 aut
|9 493708
|
| 240 |
1 |
0 |
|a Čto i kak rasskazyvať doškoľnikam
|l Slovensky
|
| 245 |
1 |
0 |
|a Ako a čo rozprávať deťom v predškolskom veku
|c V.M. Feďajevská ; [z ruského originálu Čto i kak rasskazyvať doškoľnikam ... preložil Cyril Chorvát]
|
| 250 |
|
|
|a 1. vyd.
|
| 260 |
|
|
|a Bratislava
|b Slovenské pedagogické nakladateľstvo
|c 1953
|e Trnava
|f Knižné závody
|
| 300 |
|
|
|a 187, [4] s.
|c V. 8°
|
| 366 |
|
|
|e 5000 výtl.
|
| 490 |
0 |
|
|a Knižnica pedagogických sborov
|v sv. 21
|
| 650 |
0 |
7 |
|a deti predškolského veku
|2 SNKPH
|9 4103
|
| 650 |
0 |
7 |
|a predškolská výchova
|2 SNKPH
|9 3959
|
| 650 |
0 |
7 |
|a literatúra pre deti
|2 SNKPH
|9 55721
|
| 655 |
|
7 |
|a príručky
|2 SNKPH
|9 74364
|
| 700 |
1 |
|
|a Chorvát, Cyril,
|d 1901-1985
|4 trl
|9 132390
|
| 830 |
|
0 |
|a Knižnica pedagogických sborov
|9 308681
|
| 852 |
|
|
|a Slovenská národná knižnica
|
| 954 |
|
|
|a odborná, vedecká literatúra cudzojazyčná (svetová)
|2 lita
|
| 958 |
|
|
|a OND
|
| 958 |
|
|
|a RK
|
| 958 |
|
|
|a TL
|
| 958 |
|
|
|a EUIPO
|
| 999 |
|
|
|c 764751
|d 766681
|
| 952 |
|
|
|a SNK
|b SNK
|y VYP
|7 0
|p 17A0167579
|o snkSD 6804/21 D1
|i snkVIII. 2452/53
|8 3
|0 0
|1 0
|4 0
|d 2009-11-12
|l 0
|r 2026-02-24 00:15:59
|w 2026-02-24
|
| 952 |
|
|
|a SNK
|b SNK
|y VYP
|7 0
|p 17A0636495
|o snkSD 6804/21 D2
|i snkF 6315/62
|8 5
|0 0
|1 0
|4 0
|d 2009-11-12
|l 0
|r 2026-02-24 00:15:59
|w 2026-02-24
|
| 952 |
|
|
|a SNK
|b SNK
|y VYP
|7 0
|p 17A0636494
|o snkSD 6804/21 D3
|i snkF 2241/74
|8 5
|0 0
|1 0
|4 0
|d 2009-11-12
|l 0
|r 2026-02-24 00:15:59
|w 2026-02-24
|
| 952 |
|
|
|a SNK
|b SNK
|y PREZ
|7 0
|p 17A0896272
|o snkSD 6804/21
|i snk3721/53
|0 0
|1 0
|4 0
|d 2019-05-22
|f 1
|l 0
|r 2025-11-14 00:00:00
|w 2026-02-24
|